| 000 | 00378nam a2200145Ia 4500 | ||
|---|---|---|---|
| 008 | 150201s2001 xx 000 0 und d | ||
| 082 |
_a617.525 _bD2001A |
||
| 100 | _aABUBAKER,A. OMAR | ||
| 245 | _aORAL AND MAXILLOFACIAL SURGERY SECRETS | ||
| 250 | _a1ST | ||
| 260 |
_bJAYPEE MEDICAL PUBLISHER _aDELHI _c2001 |
||
| 300 | _a1-354 | ||
| 650 | _aORAL SURGERY | ||
| 942 |
_2ddc _cBK _03 |
||
| 999 |
_c3424 _d3424 |
||